000 00370nam a2200145Ia 4500
008 230711s9999||||xx |||||||||||||| ||und||
041 _aENG
082 _a624
_bKO-B
100 _aKohan,Spring
245 0 _aBoilers operators guide
250 _a3rd Ed.
260 _c1989
_aNew York
_bTata McGraw Hill Education Limited
650 _aMechanical Engineering
942 _cBK
999 _c3570
_d3570